Suomalaisia, joilla on B-alkuiset nimikirjaimet - Statistics

Yleistilastot
  • Tätä visaa on pelattu 122 kertaa
    109 viimeisimmän päivityksen jälkeen
  • Keskiarvotulos 4 / 13
Vastaustilastot
Vihje Henkilö % Oikein
BL Uutisvuoto-ohjelman juontajana tunnettu toimittaja Baba Lybeck
59%
BW Sampo-konsernin puheenjohtaja ja talousvaikuttaja Björn Wahlroos
57%
BK "Suklaasydän"-kappaleesta muistettava iskelmälaulaja, jolle luovutettin yksi ensimmäisestä kolmesta kultalevystä Suomessa Brita Koivunen
52%
BP Instagramista julkisuuteen ponnistanut artisti Benjamin Peltonen
47%
BZ Kokoomuksen pitkäaikainen kansanedustaja, jonka nimi on tunnetusti vaikea kirjoittaa Ben Zyskowicz
43%
BR Venäläinen liikemies, Hartwall-areenan osaomistaja ja Vladimir Putinin ystävä Boris Rotenberg
31%
BH Taloustieteen Nobelilla vuonna 2016 palkittu ekonomisti Bengt Holmström
28%
BS Suomenruotsalainen toimittaja, joka luotsasi nimeään kantanutta talk show'ta Yle FST5-kanavalla Bettina Sågbom-Ek
28%
BF Suomen ensimmäinen tummaihoinen naiskansanedustajana Bella Forsgrén
26%
BC Kahdesti Finlandia-palkinnolla palkittu kirjailija Bo Carpelan
24%
BM Ruotsin jaarli, joka johti ns. toista ristiretkeä Suomeen Birger Maununpoika (Birger-jaarli)
17%
BJ Asemakaavojen suunnitteluun erikoistunut arkkitehti Bertel Jung
3%
BO Tekeytyi mieheksi palvellakseen Ruotsin armeijassa, tiettävästi ensimmäisenä naisena Brita Olofsdottir
2%
Ehtoja vastaavia visoja ei löytynyt
Tulosjakauma
Jokaisen tuloksen saaneiden osuus
Persentiili vastausten määrän mukaan
Tuloshistoriasi
Et ole pelannut tätä visaa sen viimeisimmän päivityksen jälkeen